000 00538nam a22001697a 4500
999 _c181865
_d181865
005 20211007143353.0
010 _aEN230921
020 _a9788195021741
_c190.00
037 _bSahitya Akademi
245 _aProse writings from north east India /
_cedited by Malsawmi Jacob [and] Jaydeep Sarangi
260 _aNew Delhi
_bSahitya Akademi
_c2021
270 _aRabindra Bhavan, 35 Ferozshah Road
_bNew Delhi
_e110001
300 _axiii, 154p.
_c22cm(pbk)
700 _aJacob, Malsawmi
700 _aSarangi, Jaydeep
942 _2ddc
_cEN
_mPRO